| 000 | 00587nam a22001937a 4500 | ||
|---|---|---|---|
| 005 | 20260122122533.0 | ||
| 010 | _aENG-147643 | ||
| 020 |
_a9789348235756 _c400.00 |
||
| 035 | _aEN-131175 | ||
| 037 | _bDBAD | ||
| 082 |
_a920 _21 |
||
| 100 |
_aNarayani, Aditi _986800 |
||
| 245 |
_aShe The King: _bRise of Lokmata Ahilyabai Holkar/ _cAditi Narayani |
||
| 250 | _a1 | ||
| 260 |
_aNew Delhi _bVani Prakashan Group _c2025 |
||
| 270 |
_bNew Delhi _a4695, 21-A, Daryaganj _e110002 _k+911123273167 _k+911123275710 |
||
| 300 |
_a135p. _c22cm(hb) |
||
| 942 |
_2ddc _cEN _h920 _mNAR |
||
| 999 |
_c214452 _d214452 |
||